Statystyki dla PAŃŚTWA I ICH STARE NAZWY

Kliknij tutaj aby rozwiązać quiz!

Ogólne statystyki

  • Ten quiz został rozwiązany 180 razy
  • Średni wynik to 6 z 15

Statystyki odpowiedzi

PODPOWIEDZODPOWIEDZ% Poprawnych
MJANMABIRMA
67%
TURCJAIMPERIUM OSMAŃSKIE
67%
SERBIAJUGOSŁAWIA
67%
ROSJAZSRR
66%
CZECHYCZECHOSŁOWACJA
64%
IRANPERSJA
48%
POLSKARZECZPOSPOLITA OBOJGA NARODÓW
42%
DEMOKRATYCZNA REPUBLIKA KONGOZAIR
37%
NIEMCYNRD
33%
NIEMCYCESARSTWO NIEMIECKIE
27%
WŁOCHYCesarstwo Rzymskie
22%
AUSTRIAAUSTRIO-WĘGRY
18%
WĘGRY KRÓLESTWO WĘGIER
18%
SERBIASERBIA I CZARNOGÓRA
18%
HISZPANIAUnia Iberyjska
5%

Rozkład punktacji

Percentyl według liczby udzielonych odpowiedzi

Procent ludzi z każdym wynikiem

Twoja historia wyników

Nie rozwiązałeś tego quizu